000 00849 a2200229 4500
001 58552
005 20260407155841.0
008 260407a1986 arg spa d
003 AR-UNSa-BCEJYS
040 _aAR-UNSa-BCEJYS
_bspa
_cAR-UNSa-BCEJYS
080 _a336.226.1
_xImpuestos a las ganancias o los beneficios (Impuesto Diferido)
245 1 0 _aLos impuestos sobre los capitales y sobre el patrimonio neto
020 _a950-541-034-4
264 1 _aBuenos Aires :
_bEdiciones Contabilidad Moderna
_c1986
300 _a266 p.
_c28 cm.
505 _a1. Temas básicos de finanzas públicas - 2. Impuesto sobre los capitales - 3. Impuesto sobre el patrimonio Neto - 4. Normas Legales
942 _cBK
590 _aniveau_biblio:m niveau_hierar:0
100 1 _aScotti, Nicolás Juan
700 1 _aGebhardt, Jorge
700 1 _aLitvak, José D.
999 _c6448
_d6448